Проектно-исследовательская деятельность как средство становления профессиональной компетентности обучающегося системы профессионального образования (Запись № 10315008)

Подробности
000 -МАРКЕР
контрольное поле 02089nam1a2200265 i 4500
001 - ИДЕНТИФИКАТОР ЗАПИСИ
контрольное поле RU\NLR\BIBL_A\010545678
005 - ИДЕНТИФИКАТОР ВЕРСИИ
контрольное поле 20240921133415.0
035 ## - ДРУГИЕ СИСТЕМНЫЕ НОМЕРА
Идентификатор записи (NLR Aleph) 010545678
100 ## - ДАННЫЕ ОБЩЕЙ ОБРАБОТКИ
Данные общей обработки 20141107g20149999k y0rusy50 ca
101 0# - ЯЗЫК РЕСУРСА
Язык текста, звукозаписи и т.д. русский
102 ## - СТРАНА ПУБЛИКАЦИИ ИЛИ ПРОИЗВОДСТВА
Страна публикации российская федерация
105 ## - ПОЛЕ КОДИРОВАННЫХ ДАННЫХ: ТЕКСТОВЫЕ МАТЕРИАЛЫ, МОНОГРАФИЧЕСКИЕ
Кодированные данные о монографическом текстовом документе ||||7||||||||
200 1# - ЗАГЛАВИЕ И СВЕДЕНИЯ ОБ ОТВЕТСТВЕННОСТИ
Основное заглавие Проектно-исследовательская деятельность как средство становления профессиональной компетентности обучающегося системы профессионального образования
Сведения, относящиеся к заглавию сборник статей межрегиональной научно-практической конференции, 20-21 марта 2014 г., [г. Чебоксары
Первые сведения об ответственности редкол.: Г.В. Николаева (гл. ред.) и др.]
210 ## - ПУБЛИКАЦИЯ, РАСПРОСТРАНЕНИЕ И ДР.
Место издания, распространения и т.д. Чебоксары
Имя издателя, распространителя и т. д. [б. и.]
Дата издания, распространения и т.д. 2014
215 ## - ФИЗИЧЕСКАЯ ХАРАКТЕРИСТИКА
Размеры 20
300 ## - ОБЩИЕ ПРИМЕЧАНИЯ
Текст примечания На обл. в надзаг.: Ассоц. орг. проф. образования Чуваш. Респ.
606 1# - НАИМЕНОВАНИЕ ТЕМЫ КАК ПРЕДМЕТ
Наименование темы Учреждения профессионального образования
Формальный подзаголовок Съезды, совещания и т.п
Тематический подзаголовок Научно-исследовательская работа учащихся
Системный номер авторитетной/нормативной записи 2122067
Идентификатор авторитетной/нормативной записи RU\NLR\AUTH\661584995
686 1# - ИНДЕКСЫ ДРУГИХ КЛАССИФИКАЦИЙ
Индекс Ч471.268я431
702 #1 - ИМЯ ЛИЦА - ВТОРИЧНАЯ ОТВЕТСТВЕННОСТЬ
Код отношения Редактор
Начальный элемент ввода Николаева
Часть имени, кроме начального элемента ввода Г. В.
Дополнения к именам, кроме дат канд. пед. наук
Расширение инициалов личного имени Галина Владимировна
Системный номер авторитетной/нормативной записи 139922
Идентификатор авторитетной/нормативной записи RU\NLR\AUTH\770139957
711 12 - НАИМЕНОВАНИЕ ОРГАНИЗАЦИИ - АЛЬТЕРНАТИВНАЯ ОТВЕТСТВЕННОСТЬ
Начальный элемент ввода "Проектно-исследовательская деятельность как средство становления профессиональной компетентности обучающегося системы профессионального образования", межрегиональная научно-практическая конференция
Место проведения временной организации Чебоксары
Дата проведения временной организации 2014
Системный номер авторитетной/нормативной записи 431335
Идентификатор авторитетной/нормативной записи RU\NLR\AUTH\880382528
852 ## - МЕСТОНАХОЖДЕНИЕ И ШИФР ХРАНЕНИЯ
Идентификатор организации NLR
Шифр хранения (Call Number) 2014-3/31076
942 ## - ДОПОЛНИТЕЛЬНЫЕ ЭЛЕМЕНТЫ ЗАПИСИ (АБИС)
Тип экземпляра АБИС Книга

Нет доступных экземпляров.